02572nam a2200253 i 4500003000900000005001700009007000300026008004100029020001800070040003000088082001600118110005900134245011200193264003500305300004100340336002700381337003400408338002800442500002200470504002600492520170500518650004102223710005402264DO-SdBNP20250611073819.0ta240815s2023 dr d 000 j spa d a9789945644562 aDO-SdBNPbspacBNPHUerda 222bR426man1 aRepública Dominicana.bMinisterio de Salud Pública10aManual para búsqueda activa de casos de tuberculosis: énfasis en población clave y grupos de riesgo / 1aSanto Domingo :bMspas,c2023. a51 páginas, bgrafícas c22 cm. 2rdacontentatextobtxt 2rdamediaasin mediación bn 2rdacarrieravolumenbnc aLibro en espiral. aBibliografía p: 44. aLa tuberculosis es un problema prioritario de salud pública; por lo que el Ministerio de Salud Pública y Asistencia Social (MISPAS) a través del Programa de Tuberculosis quien, en su rol de rectoría, es el responsable de conducir la respuesta nacional a esta enfermedad y diseña las estrategias e intervenciones para su prevención y control. Estas estrategias e intervenciones están incluidas en el Plan Decenal de Salud, la Estrategia Nacional de Desarrollo y los Objetivos de Desarrollo Sostenible (ODS) así como la Estrategia Fin de la Tuberculosis, donde se plantea al 2035 la reducción de la incidencia en < de 10 casos por 100,000 habitantes y cero muertes a causa de la Tuberculosis y cero sufrimientos a causa de la enfermedad (1). Como parte de las funciones esenciales de la salud pública y como responsables de la respuesta nacional a la TB, los entes gestores por su parte cumplen con un rol interrelacionado pero al mismo tiempo con un grado importante de defnición de estos papeles, a saber: El MISPAS, en su papel como rector del Sistema Nacional de Salud, es el garante de la Salud Pública de los dominicanos y dominicanas, por otro lado el SNS es responsable de garantizar la prestación de servicio acorde con los reglamentos, guías y protocolos establecidos por el MISPAS (1). En este manual se abordan las recomendaciones para la detección sistemática o búsqueda activa de la tuberculosis en diferentes poblaciones y pretende hacer una medición entre los beneficios y cómo los efectos deseables de la detección están por encima de los daños potenciales tal como se plantea en la guía de la OMS para grupos de riesgo y población clave 4aTuberculosisxPrevención y control1 aMinisterio de Salud Pública y Asistencia Social